00461cam a2200169ua 450000100060000000800390000602000180004504000090006304100080007208200100008010000360009024500470012625000120017326000520018530000100023765300440024711415190918n ii |||gr||||Z||||||eng a9789386655639 cMAIN aeng a155.4 aKishore Kundan Dawrah,eAuthor. aChild PsychologycBy Kishore Kundan Dawrah a1st ed. aNew Delhi:bPacific books international,c2018. a272p. aDifferential & developmental psychology